000 00324nam a2200145Ia 4500
008 230917s9999||||xx |||||||||||||| ||und||
040 _e143994
_aMAIN
041 _aEnglish
082 _a380.5 J199P
100 _aJain , P S
245 0 _aPrivahan arthashastra
260 _aNew Delhi
300 _a355 p.
942 _cBK
999 _c222817
_d222817